|
|
|
|
| LEADER |
00000nas a2200000 a 4500 |
| 001 |
ssj0012725 |
| 003 |
WaSeSS |
| 005 |
20200512172242.0 |
| 006 |
m d |
| 007 |
cr n |
| 008 |
020726c19779999wauqr pss o 0 0eng c |
| 010 |
|
|
|a 2012236858
|
| 022 |
|
|
|y 0197-4327
|
| 035 |
|
|
|a (WaSeSS)ssj0012725
|
| 040 |
|
|
|a BUF
|b eng
|c BUF
|d OCLCQ
|d OCLCE
|d OCL
|d NOC
|d OCLCQ
|d OCLCF
|d OCLCO
|d OCLCQ
|d AU@
|d NTE
|d OCLCQ
|d UUM
|d WaSeSS
|
| 042 |
|
|
|a dlr
|a pcc
|
| 043 |
|
|
|a n-us---
|
| 050 |
1 |
4 |
|a E185.5
|b .W54
|
| 082 |
0 |
4 |
|a 973/.0496
|
| 130 |
0 |
|
|a Western journal of black studies (Online)
|
| 245 |
1 |
4 |
|a The Western journal of black studies
|h [electronic resource].
|
| 260 |
|
|
|a [Pullman, Wash.] :
|b [Black Studies Program at Washington State University and Washington State University Press]
|
| 310 |
|
|
|a Quarterly
|
| 362 |
1 |
|
|a Print began with vol. 1, no. 1 (Mar. 1977).
|
| 506 |
|
|
|a License restrictions may limit access.
|
| 538 |
|
|
|a Master and use copy. Digital master created according to Benchmark for Faithful Digital Reproductions of Monographs and Serials, Version 1. Digital Library Federation, December 2002.
|u http://purl.oclc.org/DLF/benchrepro0212
|5 MiAaHDL
|
| 583 |
1 |
|
|a digitized
|c 2010
|h HathiTrust Digital Library
|l committed to preserve
|5 MiAaHDL
|2 pda
|
| 588 |
0 |
|
|a Print version record.
|
| 588 |
1 |
|
|a Vol. 36, no. 1 (spring 2012) (viewed Oct. 17, 2012).
|
| 650 |
|
0 |
|a African Americans
|v Periodicals.
|
| 650 |
|
0 |
|a Blacks
|v Periodicals.
|
| 650 |
|
6 |
|a Noirs américains
|v Périodiques.
|
| 650 |
|
6 |
|a Noirs
|v Périodiques.
|
| 650 |
|
7 |
|a Black Studies.
|2 ebps
|
| 650 |
|
7 |
|a African Americans.
|2 fast
|0 (OCoLC)fst00799558
|
| 650 |
|
7 |
|a Blacks.
|2 fast
|0 (OCoLC)fst00833880
|
| 655 |
|
0 |
|a Electronic journals.
|
| 710 |
2 |
|
|a Washington State University.
|b Black Studies Program.
|
| 710 |
2 |
|
|a Washington State University.
|b Press.
|
| 776 |
0 |
8 |
|i Print version:
|t Western journal of black studies
|x 0197-4327
|w (DLC) 81642231
|w (OCoLC)2986838
|
| 856 |
4 |
0 |
|z Full text available from Research Library: 04/01/1998 to present
|u https://search.proquest.com/publication/47709
|